[Event "Baharov Memorial op 12th"]
[Site "Sofia"]
[Date "2004.12.19"]
[Round "5"]
[White "Andreev, Stanislav"]
[Black "Dragiev, Veselin"]
[Result "0-1"]
[WhiteElo "2174"]
[BlackElo "2477"]
[PlyCount "73"]
[EventDate "2004.12.17"]
[EventType "swiss"]
[EventRounds "7"]
[EventCountry "BUL"]
[SourceTitle "CBM 104 Extra"]
[Source "ChessBase"]
[SourceDate "2005.03.01"]
[SourceVersion "1"]
[SourceVersionDate "2005.03.01"]
[SourceQuality "1"]

1. d4 Nf6 2. c4 e6 3. Nc3 c5 4. d5 exd5 5. cxd5 d6 6. Nf3 g6 7. Nd2 Nbd7 8. e4 Qe7 9. Be2 Bg7 10. 0-0 0-0 11. f4 Ne8 12. Bf3 Nc7 13. a4 b6 14. e5 dxe5 15. Nde4 Qd8 16. d6 Ne6 17. Nf2 Rb8 18. Nd5 Nd4 19. Ne7+ Kh8 20. Re1 Bb7 21. Bxb7 Rxb7 22. Ng4 e4 23. f5 Nf6 24. Nxf6 Bxf6 25. Bh6 Bg7 26. Bxg7+ Kxg7 27. f6+ Kxf6 28. Rxe4 Qxd6 29. Qf1+ Kg7 30. Rae1 Rd7 31. g4 Ne6 32. Nf5+ gxf5 33. gxf5 Nd4 34. f6+ Kh8 35. Rg4 Rdd8 36. Qg2 Qxf6 37. Rf1 0-1

[Event "BUL-chT 54th"]
[Site "Plovdiv"]
[Date "2004.11.20"]
[Round "1.1"]
[White "Nikolov, Sasho"]
[Black "Dragiev, Veselin"]
[Result "1/2-1/2"]
[WhiteElo "2421"]
[BlackElo "2477"]
[PlyCount "105"]
[EventDate "2004.11.20"]
[EventType "team-swiss"]
[EventRounds "7"]
[EventCountry "BUL"]
[SourceTitle "EXT 2006"]
[Source "ChessBase"]
[SourceDate "2005.11.24"]
[SourceVersion "1"]
[SourceVersionDate "2005.11.24"]
[SourceQuality "1"]
[WhiteTeam "Radnevo Maritsa Iztok"]
[BlackTeam "V Tarnovo Bulmex"]
[WhiteTeamCountry "BUL"]
[BlackTeamCountry "BUL"]

1. d4 Nf6 2. c4 e6 3. Nf3 c5 4. d5 exd5 5. cxd5 d6 6. Nc3 a6 7. a4 g6 8. e4 Bg4 9. Qb3 Bxf3 10. Qxb7 Bxg2 11. Bxg2 Nbd7 12. 0-0 Be7 13. f4 0-0 14. Kh1 Qa5 15. Qb3 Rab8 16. Qc2 c4 17. Be3 Nc5 18. e5 dxe5 19. fxe5 Ng4 20. Bxc5 Bxc5 21. Qe2 Ne3 22. Rf3 Nxg2 23. Qxg2 Bd4 24. Re1 Rbd8 25. e6 Bxc3 26. bxc3 Rxd5 27. Rxf7 Rxf7 28. exf7+ Kxf7 29. Qf3+ Rf5 30. Qb7+ Kg8 31. Re8+ Rf8 32. Rxf8+ Kxf8 33. Qc8+ Ke7 34. Qxc4 Kd6 35. Qb4+ Qc5 36. Kg2 a5 37. Qb8+ Qc7 38. Qxc7+ Kxc7 39. Kf3 Kd6 40. Kf4 h6 41. Ke4 Kc5 42. Ke5 Kc4 43. Kf6 Kxc3 44. Kxg6 Kb4 45. Kxh6 Kxa4 46. h4 Kb5 47. h5 a4 48. Kg7 a3 49. h6 a2 50. h7 a1Q+ 51. Kg8 Qg1+ 52. Kf7 Qd4 53. Kg8 1/2-1/2

[Event "Teteven op"]
[Site "Teteven"]
[Date "2004.08.29"]
[Round "6"]
[White "Vasilev, Milen"]
[Black "Dragiev, Veselin"]
[Result "1/2-1/2"]
[WhiteElo "2417"]
[BlackElo "2469"]
[PlyCount "130"]
[EventDate "2004.08.25"]
[EventType "swiss"]
[EventRounds "9"]
[EventCountry "BUL"]
[SourceTitle "CBM 102 Extra"]
[Source "ChessBase"]
[SourceDate "2004.11.03"]
[SourceVersion "1"]
[SourceVersionDate "2004.11.03"]
[SourceQuality "1"]

1. d4 Nf6 2. Bg5 Ne4 3. Bf4 d5 4. e3 c5 5. Nd2 Nxd2 6. Qxd2 Nc6 7. Nf3 cxd4 8. exd4 Bf5 9. Be2 e6 10. 0-0 Be7 11. c3 0-0 12. Rfe1 Rc8 13. Ne5 Nxe5 14. Bxe5 Qb6 15. Bf1 Bg6 16. Bf4 Rfe8 17. Re3 Qa5 18. a4 Qb6 19. a5 Qc6 20. a6 b6 21. Qd1 Bd6 22. Bxd6 Qxd6 23. Bb5 Re7 24. Qe2 Be4 25. f3 Bg6 26. Re1 h6 27. Re5 Kf8 28. g3 Bh7 29. Kg2 Bg8 30. h4 Rd8 31. Re3 Bh7 32. g4 Qf4 33. Re5 Rd6 34. Qe3 Qxe3 35. R5xe3 Rc7 36. R3e2 Ke7 37. Kf2 Rd8 38. Rc1 Kd6 39. b3 f6 40. c4 Bg6 41. Rce1 Bf7 42. f4 Ke7 43. Rd2 Kf8 44. g5 dxc4 45. bxc4 hxg5 46. hxg5 fxg5 47. fxg5 Be8 48. Rxe6 Bxb5 49. cxb5 Rd5 50. Re5 Rxe5 51. dxe5 Ke7 52. Rd6 Rc5 53. Rc6 Rxb5 54. Rc7+ Ke6 55. Rxa7 Rxe5 56. Rxg7 Kf5 57. a7 Ra5 58. Ke3 Ra4 59. Kd3 b5 60. Kc3 Kg4 61. Kb3 Kh5 62. Kb2 Kg4 63. Kc2 Kf5 64. Kb3 Kg4 65. Rb7 Kh5 1/2-1/2

[Event "Teteven op"]
[Site "Teteven"]
[Date "2004.08.27"]
[Round "4"]
[White "Panbukchian, Valentin"]
[Black "Dragiev, Veselin"]
[Result "0-1"]
[WhiteElo "2343"]
[BlackElo "2469"]
[PlyCount "72"]
[EventDate "2004.08.25"]
[EventType "swiss"]
[EventRounds "9"]
[EventCountry "BUL"]
[SourceTitle "CBM 102 Extra"]
[Source "ChessBase"]
[SourceDate "2004.11.03"]
[SourceVersion "1"]
[SourceVersionDate "2004.11.03"]
[SourceQuality "1"]

1. e4 c5 2. Nc3 Nc6 3. g3 g6 4. Bg2 Bg7 5. d3 d6 6. Bg5 Rb8 7. Nge2 b5 8. Qc1 b4 9. Nd1 a5 10. 0-0 Ba6 11. a3 Qc7 12. axb4 cxb4 13. Qd2 Nf6 14. Bh6 0-0 15. Bxg7 Kxg7 16. Ne3 Rfc8 17. f4 e6 18. Kh1 Bb7 19. c4 bxc3 20. bxc3 Ra8 21. Ra3 Rcb8 22. Rfa1 Qd8 23. c4 Nb4 24. Nc2 Nxc2 25. Qxc2 Ra7 26. Nd4 Rba8 27. Qb2 Kg8 28. Nb5 Ra6 29. Nxd6 Rxd6 30. e5 Rb6 31. Qe2 Nd7 32. d4 Bxg2+ 33. Kxg2 Rb4 34. Rc3 Nb6 35. Rd1 Rxc4 36. Rxc4 Qd5+ 0-1

[Event "Teteven op"]
[Site "Teteven"]
[Date "2004.08.25"]
[Round "2"]
[White "Ljangov, Petar"]
[Black "Dragiev, Veselin"]
[Result "0-1"]
[WhiteElo "2176"]
[BlackElo "2469"]
[PlyCount "60"]
[EventDate "2004.08.25"]
[EventType "swiss"]
[EventRounds "9"]
[EventCountry "BUL"]
[SourceTitle "CBM 102 Extra"]
[Source "ChessBase"]
[SourceDate "2004.11.03"]
[SourceVersion "1"]
[SourceVersionDate "2004.11.03"]
[SourceQuality "1"]

1. e4 c5 2. Nf3 d6 3. Bb5+ Nd7 4. d4 cxd4 5. Qxd4 Qa5+ 6. Nc3 a6 7. Bxd7+ Bxd7 8. Bd2 Bc6 9. 0-0 Nf6 10. Rfe1 Qh5 11. Qd3 e6 12. Nd4 Rc8 13. Nxc6 Rxc6 14. Nd5 Nd7 15. Bc3 Rc8 16. Ne3 Nc5 17. Qd4 b5 18. Rad1 Qg5 19. Bb4 Be7 20. Bxc5 Rxc5 21. Rf1 0-0 22. Qd3 Rc6 23. c3 Re8 24. Nc2 Qc5 25. Qd4 a5 26. Qxc5 Rxc5 27. Nd4 b4 28. Nb3 Rb5 29. Nd4 Rb6 30. cxb4 Rxb4 0-1

[Event "Sofia Hemus op 04th"]
[Site "Sofia"]
[Date "2004.05.01"]
[Round "1.1"]
[White "Dragiev, Veselin"]
[Black "Mladenov, Andrey"]
[Result "1-0"]
[WhiteElo "2455"]
[BlackElo "2040"]
[PlyCount "65"]
[EventDate "2004.05.01"]
[EventType "swiss"]
[EventRounds "6"]
[EventCountry "BUL"]
[SourceTitle "CBM 100 Extra"]
[Source "ChessBase"]
[SourceDate "2004.07.06"]
[SourceVersion "2"]
[SourceVersionDate "2004.07.06"]
[SourceQuality "1"]

1. e4 c5 2. Nf3 Nc6 3. d4 cxd4 4. Nxd4 Nf6 5. Nc3 e5 6. Ndb5 d6 7. a4 Be6 8. Nd5 Bxd5 9. exd5 Ne7 10. c4 a6 11. Nc3 Ng6 12. h4 Be7 13. g3 Rc8 14. b3 Nf8 15. Bh3 N8d7 16. g4 Qa5 17. Bd2 Qc7 18. g5 Ng8 19. Ne4 Rb8 20. Be3 b6 21. Kf1 Nc5 22. Qc2 Kf8 23. Kg2 Qd8 24. b4 Nxe4 25. Qxe4 h6 26. Qg4 h5 27. Qd7 Qxd7 28. Bxd7 g6 29. Rhb1 Kg7 30. a5 b5 31. cxb5 axb5 32. a6 f5 33. a7 1-0

[Event "Sofia op 3rd"]
[Site "Sofia"]
[Date "2004.04.25"]
[Round "4.1"]
[White "Dragiev, Veselin"]
[Black "Stoinev, Metodi"]
[Result "1-0"]
[WhiteElo "2455"]
[BlackElo "2300"]
[PlyCount "59"]
[EventDate "2004.04.23"]
[EventType "swiss"]
[EventRounds "6"]
[EventCountry "BUL"]
[SourceTitle "CBM 100 Extra"]
[Source "ChessBase"]
[SourceDate "2004.07.06"]
[SourceVersion "2"]
[SourceVersionDate "2004.07.06"]
[SourceQuality "1"]

1. e4 e5 2. Nf3 Nc6 3. d4 exd4 4. Nxd4 Bc5 5. Nxc6 Qf6 6. Qe2 dxc6 7. Nc3 Ne7 8. f4 Qd4 9. Bd2 Bd7 10. 0-0-0 0-0-0 11. g3 h5 12. f5 f6 13. Bf4 Qf2 14. Na4 Qxe2 15. Bxe2 Bb6 16. h3 c5 17. Nxb6+ axb6 18. g4 hxg4 19. hxg4 Nc6 20. c3 Rde8 21. Bf3 Rxh1 22. Rxh1 Ne5 23. Bxe5 Rxe5 24. Kd2 Bc6 25. Ke3 Kd7 26. g5 Re7 27. gxf6 gxf6 28. Rh6 Rf7 29. Be2 b5 30. Kf4 1-0

[Event "Plovdiv Tringov Memorial"]
[Site "Plovdiv"]
[Date "2003.10.14"]
[Round "2"]
[White "Dragiev, Veselin"]
[Black "Veleski, Robert"]
[Result "1-0"]
[WhiteElo "2468"]
[BlackElo "2280"]
[PlyCount "92"]
[EventDate "2003.10.13"]
[EventType "swiss"]
[EventRounds "7"]
[EventCountry "BUL"]
[SourceTitle "EXT 2005"]
[Source "ChessBase"]
[SourceDate "2004.11.15"]
[SourceVersion "1"]
[SourceVersionDate "2004.11.15"]
[SourceQuality "1"]

1. e4 c5 2. Nf3 Nc6 3. Bb5 g6 4. 0-0 Bg7 5. Re1 Nf6 6. h3 0-0 7. c3 d6 8. d4 cxd4 9. cxd4 Bd7 10. Nc3 Rc8 11. Bf1 Na5 12. e5 dxe5 13. dxe5 Ne8 14. Bg5 Nc7 15. Qd2 Ne6 16. Bh4 Bc6 17. Qxd8 Rfxd8 18. Bxe7 Rd7 19. Bb4 Bxf3 20. Bxa5 Bc6 21. Rac1 Bh6 22. Rb1 Rd4 23. a3 Bd2 24. Red1 Bf4 25. Rxd4 Nxd4 26. Re1 Nc2 27. Re2 Nd4 28. Re1 Nc2 29. Re2 Nd4 30. Re1 b6 31. Bb4 Nc2 32. Re2 Nxb4 33. axb4 Re8 34. b5 Bb7 35. g3 Bxe5 36. Bg2 Bxg2 37. Kxg2 Kf8 38. Nd5 Bg7 39. Rc2 Rd8 40. Nb4 Ke8 41. Nc6 Rd7 42. Re2+ Kf8 43. b4 f5 44. Ra2 Bc3 45. Ra3 Rd2 46. Kf3 Kg7 1-0

[Event "BUL-ch 67th"]
[Site "Sofia"]
[Date "2003.05.14"]
[Round "8"]
[White "Iotov, Valentin Dimitrov"]
[Black "Dragiev, Veselin"]
[Result "0-1"]
[WhiteElo "2255"]
[BlackElo "2450"]
[PlyCount "54"]
[EventDate "2003.05.07"]
[EventType "tourn"]
[EventRounds "11"]
[EventCountry "BUL"]
[EventCategory "8"]
[SourceTitle "CBM 094 Extra"]
[Source "ChessBase"]
[SourceDate "2003.07.09"]
[SourceVersion "2"]
[SourceVersionDate "2003.07.09"]
[SourceQuality "1"]

1. d4 Nf6 2. c4 e6 3. Nc3 c5 4. d5 exd5 5. cxd5 d6 6. e4 g6 7. f4 Bg7 8. Bb5+ Nfd7 9. Nf3 a6 10. Bd3 b5 11. 0-0 0-0 12. Kh1 Re8 13. f5 c4 14. Bc2 Ne5 15. Bg5 Bf6 16. Nxe5 Bxg5 17. Nxf7 Kxf7 18. fxg6+ Kg8 19. Qh5 h6 20. g7 Ra7 21. h4 Bxh4 22. Rf8+ Rxf8 23. gxf8Q+ Kxf8 24. Rf1+ Kg8 25. e5 dxe5 26. Qxe5 Rg7 27. Qxb8 Bg3 0-1

[Event "BUL-ch 67th"]
[Site "Sofia"]
[Date "2003.05.12"]
[Round "6"]
[White "Genov, Petar"]
[Black "Dragiev, Veselin"]
[Result "1/2-1/2"]
[WhiteElo "2490"]
[BlackElo "2450"]
[PlyCount "114"]
[EventDate "2003.05.07"]
[EventType "tourn"]
[EventRounds "11"]
[EventCountry "BUL"]
[EventCategory "8"]
[SourceTitle "CBM 094 Extra"]
[Source "ChessBase"]
[SourceDate "2003.07.09"]
[SourceVersion "2"]
[SourceVersionDate "2003.07.09"]
[SourceQuality "1"]

1. d4 Nf6 2. c4 e6 3. Nf3 c5 4. d5 exd5 5. cxd5 d6 6. Nc3 g6 7. e4 Bg7 8. Bg5 h6 9. Bh4 0-0 10. Nd2 a6 11. a4 Nbd7 12. Be2 Qe7 13. 0-0 g5 14. Bg3 Ne5 15. f4 gxf4 16. Bxf4 Ne8 17. Bg3 f5 18. Qc2 Qg5 19. Bf4 Qg6 20. Nf3 Nxf3+ 21. Bxf3 fxe4 22. Bxe4 Bf5 23. Bg3 Bd4+ 24. Kh1 Ng7 25. Rf3 Bxc3 26. Bxf5 Rxf5 27. bxc3 Raf8 28. Kg1 Kh7 29. Rxf5 Nxf5 30. Rf1 Rf6 31. Bf4 b5 32. axb5 axb5 33. Qe2 Qf7 34. Qe4 Kg8 35. g3 Ne7 36. Rd1 Kg7 37. Qe3 Nxd5 38. Bxh6+ Rxh6 39. Qg5+ Rg6 40. Qxd5 Qxd5 41. Rxd5 Kf7 42. Kf2 Ke6 43. Rd2 Rg4 44. h4 Rc4 45. Rd3 b4 46. cxb4 Rxb4 47. h5 d5 48. Kf3 c4 49. Rd1 c3 50. h6 Rb7 51. Rc1 Rc7 52. Ke3 Kf6 53. Kd3 Kg6 54. Rxc3 Rxc3+ 55. Kxc3 Kxh6 56. Kd4 Kg5 57. Kxd5 Kg4 1/2-1/2

[Event "BUL-ch 67th"]
[Site "Sofia"]
[Date "2003.05.08"]
[Round "2"]
[White "Radulski, Julian"]
[Black "Dragiev, Veselin"]
[Result "1/2-1/2"]
[WhiteElo "2493"]
[BlackElo "2450"]
[PlyCount "151"]
[EventDate "2003.05.07"]
[EventType "tourn"]
[EventRounds "11"]
[EventCountry "BUL"]
[EventCategory "8"]
[SourceTitle "CBM 094 Extra"]
[Source "ChessBase"]
[SourceDate "2003.07.09"]
[SourceVersion "2"]
[SourceVersionDate "2003.07.09"]
[SourceQuality "1"]

1. e4 c5 2. Nf3 d6 3. d4 cxd4 4. Nxd4 Nf6 5. Nc3 a6 6. Bc4 e6 7. a3 Be7 8. Ba2 0-0 9. 0-0 Nc6 10. Be3 Nxd4 11. Bxd4 b5 12. Qd3 Bb7 13. Rad1 Qc7 14. Kh1 Rac8 15. f4 Bc6 16. Qg3 Qb7 17. e5 dxe5 18. Bxe5 g6 19. Qh3 a5 20. b4 axb4 21. axb4 Nd7 22. Bd4 Bf6 23. Ne2 Bxg2+ 24. Qxg2 Qxg2+ 25. Kxg2 Rxc2 26. Bb1 Rxe2+ 27. Kf3 Rxh2 28. Bg1 Rh3+ 29. Kg2 Rb3 30. Rxd7 Rxb4 31. Bd3 Rc8 32. Be3 Rb3 33. Kf3 b4 34. Rc1 Rcc3 35. Ke2 Rb2+ 36. Kd1 Ra2 37. Bd2 Rxc1+ 38. Bxc1 Ra1 39. Kd2 b3 40. Rb7 Ra2+ 41. Kd1 b2 42. Bd2 h5 43. Bb1 Ra8 44. Rb3 Rc8 45. Be4 Kg7 46. Rb7 Bd4 47. Rb4 Bf6 48. Rb7 Rc4 49. Bd3 Rc5 50. Be4 h4 51. Rb3 Rc8 52. Bc2 Ra8 53. Bb1 Rd8 54. Ke2 Rc8 55. Kd1 Bd4 56. Rh3 Bf6 57. Rb3 Rh8 58. Rh3 e5 59. fxe5 Bxe5 60. Ke2 Bf6 61. Kf3 Rd8 62. Ke2 g5 63. Bc3 Rd6 64. Bxf6+ Rxf6 65. Rb3 Rf4 66. Rxb2 g4 67. Rb5 Kf6 68. Ke3 Rf3+ 69. Ke2 h3 70. Be4 Rf4 71. Ke3 Rf1 72. Rh5 Ke6 73. Ke2 Rf6 74. Ke3 Rf1 75. Ke2 Rf6 76. Ke3 1/2-1/2

[Event "Baharov Memorial op 10th"]
[Site "Borovec"]
[Date "2002.12.05"]
[Round "7"]
[White "Dimitrov, Vladimir"]
[Black "Dragiev, Veselin"]
[Result "1-0"]
[WhiteElo "2438"]
[BlackElo "2455"]
[PlyCount "71"]
[EventDate "2002.12.01"]
[EventType "swiss"]
[EventRounds "7"]
[EventCountry "BUL"]
[SourceTitle "CBM 091 Extra"]
[Source "ChessBase"]
[SourceDate "2003.01.09"]
[SourceVersion "1"]
[SourceVersionDate "2003.01.09"]
[SourceQuality "1"]

1. d4 Nf6 2. c4 e6 3. Nf3 b6 4. a3 Bb7 5. Nc3 c5 6. d5 exd5 7. cxd5 d6 8. e4 Nbd7 9. Bd3 a6 10. a4 g6 11. 0-0 Bg7 12. Bf4 Qe7 13. h3 0-0 14. Re1 Nh5 15. Bg5 Bf6 16. Be3 Ne5 17. Be2 Nxf3+ 18. Bxf3 Ng7 19. Qb3 Qc7 20. g4 Rab8 21. Bg2 Bc8 22. f4 h5 23. g5 Be7 24. Qc4 Kh7 25. b4 f6 26. a5 b5 27. Qb3 fxg5 28. fxg5 cxb4 29. Na2 Qc4 30. Qb2 b3 31. Rec1 Qa4 32. Nc3 Qb4 33. Ne2 Bxh3 34. Bd2 Bxg2 35. Bxb4 Bxe4 36. Rc7 1-0

[Event "Baharov Memorial op 10th"]
[Site "Borovec"]
[Date "2002.12.03"]
[Round "4"]
[White "Dragiev, Veselin"]
[Black "Raev, Rostislav"]
[Result "1-0"]
[WhiteElo "2455"]
[BlackElo "2206"]
[PlyCount "83"]
[EventDate "2002.12.01"]
[EventType "swiss"]
[EventRounds "7"]
[EventCountry "BUL"]
[SourceTitle "CBM 091 Extra"]
[Source "ChessBase"]
[SourceDate "2003.01.09"]
[SourceVersion "1"]
[SourceVersionDate "2003.01.09"]
[SourceQuality "1"]

1. e4 c5 2. Nf3 Nc6 3. d4 cxd4 4. Nxd4 g6 5. Nc3 Bg7 6. Be3 Nf6 7. Bc4 Qa5 8. 0-0 0-0 9. Bb3 d6 10. f3 Bd7 11. Qd2 Rfc8 12. Rad1 Ne5 13. Bg5 Nc4 14. Bxc4 Rxc4 15. Nb3 Qb6+ 16. Kh1 Be6 17. Be3 Qc7 18. Nd4 Bd7 19. Nde2 Rc8 20. Bd4 b5 21. b3 Rxd4 22. Qxd4 a5 23. Nd5 Nxd5 24. Qxd5 Qxc2 25. Rd2 Qc5 26. Rc1 Qxd5 27. Rxc8+ Bxc8 28. exd5 Bh6 29. Rc2 Bb7 30. Rc7 Bxd5 31. Nc3 Be6 32. Nxb5 Be3 33. Rxe7 Kf8 34. Rb7 Bc5 35. Nc7 Bf5 36. Rb5 Bb4 37. Nd5 Bd2 38. Rb8+ Kg7 39. Rb6 Bb1 40. a3 Ba2 41. a4 Bc1 42. Nc3 1-0

[Event "BUL-chT"]
[Site "Borovetz"]
[Date "2002.09.19"]
[Round "2"]
[White "Lazarov, Rosen"]
[Black "Dragiev, Veselin"]
[Result "0-1"]
[WhiteElo "2206"]
[BlackElo "2422"]
[PlyCount "102"]
[EventDate "2002.09.19"]
[EventType "team-tourn"]
[EventRounds "7"]
[EventCountry "BUL"]
[SourceTitle "EXT 2006"]
[Source "ChessBase"]
[SourceDate "2005.11.24"]
[SourceVersion "1"]
[SourceVersionDate "2005.11.24"]
[SourceQuality "1"]

1. e4 c5 2. Nf3 d6 3. d4 cxd4 4. Nxd4 Nf6 5. Nc3 a6 6. Bg5 e6 7. Qd2 Be7 8. 0-0-0 b5 9. f3 Bb7 10. h4 Nbd7 11. g4 Rc8 12. Kb1 Ne5 13. Be3 Nfd7 14. g5 b4 15. Na4 d5 16. exd5 Bxd5 17. Be2 0-0 18. h5 Nc4 19. Bxc4 Rxc4 20. g6 Ne5 21. h6 Nxg6 22. hxg7 Kxg7 23. Bh6+ Kg8 24. Bxf8 Bxf8 25. Qh2 h6 26. Rhg1 Qf6 27. Nb3 Bg7 28. Rg4 Qxf3 29. Rgg1 Be4 30. Rd2 Qf5 31. Rc1 Qb5 32. Qe2 Bd5 33. Nac5 Rxc5 34. Nxc5 Qxc5 35. Qxa6 Qe3 36. Qe2 Qa7 37. Rxd5 exd5 38. Qd3 Nf4 39. Qd2 Qd4 40. Qxd4 Bxd4 41. a4 bxa3 42. bxa3 h5 43. c4 Ne2 44. Rh1 dxc4 45. Rxh5 Kg7 46. Rh2 Nc3+ 47. Kc2 Nd5 48. Rh4 Ne3+ 49. Kc1 Bc5 50. a4 c3 51. Kb1 c2+ 0-1

[Event "Kavala op 11th"]
[Site "Kavala"]
[Date "2002.08.17"]
[Round "9"]
[White "Kotronias, Vasilios"]
[Black "Dragiev, Veselin"]
[Result "1-0"]
[WhiteElo "2578"]
[BlackElo "2422"]
[PlyCount "71"]
[EventDate "2002.08.10"]
[EventType "swiss"]
[EventRounds "9"]
[EventCountry "GRE"]
[SourceTitle "CBM 089 Extra"]
[Source "ChessBase"]
[SourceDate "2002.09.10"]
[SourceVersion "2"]
[SourceVersionDate "2002.09.10"]
[SourceQuality "1"]

1. e4 c5 2. Nf3 a6 3. c4 d6 4. d4 cxd4 5. Nxd4 Nf6 6. Nc3 e6 7. Be2 Be7 8. 0-0 0-0 9. f4 Qc7 10. Be3 b6 11. Rc1 Nbd7 12. Bf3 Bb7 13. g4 Nc5 14. Qc2 Rfc8 15. g5 Ne8 16. f5 Qd8 17. Qg2 e5 18. Nde2 Nd3 19. Rc2 Rxc4 20. Rd2 Nc5 21. b3 Rb4 22. Nd5 Bxd5 23. Rxd5 Nc7 24. Rdd1 d5 25. f6 Bd6 26. fxg7 Nxe4 27. Bh5 Bc5 28. Bxc5 bxc5 29. a3 Rbb8 30. Bxf7+ Kxg7 31. Bxd5 Nxd5 32. Qxe4 Qxg5+ 33. Kh1 Nf6 34. Qf3 e4 35. Qc3 Kg6 36. Rd6 1-0

[Event "Macedonian op"]
[Site "Struga"]
[Date "2002.07.26"]
[Round "7"]
[White "Dragiev, Veselin"]
[Black "Popov, Venci"]
[Result "1-0"]
[WhiteElo "2422"]
[BlackElo "2314"]
[PlyCount "113"]
[EventDate "2002.07.20"]
[EventType "swiss"]
[EventRounds "9"]
[EventCountry "MKD"]
[SourceTitle "CBM 089 Extra"]
[Source "ChessBase"]
[SourceDate "2002.09.10"]
[SourceVersion "2"]
[SourceVersionDate "2002.09.10"]
[SourceQuality "1"]

1. e4 e6 2. d4 d5 3. Nd2 c5 4. Ngf3 Nc6 5. Bb5 dxe4 6. Nxe4 Bd7 7. dxc5 Qa5+ 8. Nc3 Bxc5 9. 0-0 Nf6 10. a3 Qc7 11. Bg5 a6 12. Bd3 h6 13. Bh4 Bd6 14. Re1 Ne5 15. Bxf6 gxf6 16. Ne4 Be7 17. Nxe5 Qxe5 18. Nc3 Qc5 19. Qf3 Bc6 20. Be4 0-0-0 21. Bxc6 Qxc6 22. Qxc6+ bxc6 23. Rad1 c5 24. Rxd8+ Rxd8 25. Rd1 Rd4 26. Rxd4 cxd4 27. Ne2 Bc5 28. g4 Kd7 29. Kg2 Kd6 30. Kf3 Kd5 31. Nf4+ Kc4 32. Nd3 Bd6 33. Kg2 a5 34. h3 Kd5 35. f3 e5 36. Nf2 Kc4 37. Ne4 Be7 38. Kf2 Kd5 39. Ke2 Ke6 40. Ng3 Kd5 41. Kd3 a4 42. Nf5 Bf8 43. h4 e4+ 44. fxe4+ Ke5 45. Nxd4 Kf4 46. Nf5 Kxg4 47. Kd4 h5 48. c4 Kf3 49. c5 Bxc5+ 50. Kxc5 Kxe4 51. Ng3+ Kf3 52. Nxh5 f5 53. Nf6 f4 54. h5 Ke2 55. h6 f3 56. Ng4 f5 57. Nh2 1-0

[Event "Razgrad op"]
[Site "Razgrad"]
[Date "2002.07.25"]
[Round "5"]
[White "Rusev, Krasimir"]
[Black "Dragiev, Veselin"]
[Result "0-1"]
[WhiteElo "2298"]
[BlackElo "2422"]
[PlyCount "75"]
[EventDate "2002.07.06"]
[EventType "swiss"]
[EventRounds "7"]
[EventCountry "BUL"]
[SourceTitle "EXT 2005"]
[Source "ChessBase"]
[SourceDate "2004.11.15"]
[SourceVersion "1"]
[SourceVersionDate "2004.11.15"]
[SourceQuality "1"]

1. d4 Nf6 2. c4 e6 3. Nf3 c5 4. g3 cxd4 5. Nxd4 d5 6. Bg2 e5 7. Nf3 d4 8. 0-0 Nc6 9. e3 Be7 10. exd4 exd4 11. b4 d3 12. a3 0-0 13. Bb2 Be6 14. Nbd2 Qc7 15. Re1 Rad8 16. Qb3 Bf5 17. Rac1 h6 18. c5 Rfe8 19. b5 Na5 20. Qa4 Bxc5 21. Be5 Qb6 22. Rf1 Ng4 23. Bc3 Bxf2+ 24. Kh1 Rd5 25. Qxa5 Qxa5 26. Bxa5 Rxb5 27. h3 Ne5 28. Rxf2 Rxa5 29. Nd4 Bg6 30. Re1 Kf8 31. Bxb7 Rxa3 32. Bc6 Re7 33. Rb1 Kg8 34. Rb8+ Kh7 35. Re8 Rxe8 36. Bxe8 Ra1+ 37. Kh2 Ra2 38. Kg1 0-1

[Event "Macedonian op"]
[Site "Struga"]
[Date "2002.07.23"]
[Round "4"]
[White "Dragiev, Veselin"]
[Black "Stanojoski, Zvonko"]
[Result "1-0"]
[WhiteElo "2422"]
[BlackElo "2479"]
[PlyCount "73"]
[EventDate "2002.07.20"]
[EventType "swiss"]
[EventRounds "9"]
[EventCountry "MKD"]
[SourceTitle "CBM 089 Extra"]
[Source "ChessBase"]
[SourceDate "2002.09.10"]
[SourceVersion "2"]
[SourceVersionDate "2002.09.10"]
[SourceQuality "1"]

1. e4 c5 2. Nf3 Nc6 3. d4 cxd4 4. Nxd4 g6 5. Nc3 Bg7 6. Be3 Nf6 7. Be2 0-0 8. 0-0 d6 9. Nb3 a5 10. a4 Be6 11. f4 Rc8 12. f5 Bxb3 13. cxb3 Ne5 14. Kh1 Rxc3 15. bxc3 Nxe4 16. Rc1 gxf5 17. Rxf5 e6 18. Rf1 f5 19. c4 Nd7 20. Bf3 Ndc5 21. Bxe4 Nxe4 22. Qf3 Qh4 23. Rcd1 Rf6 24. Bf4 Rg6 25. g3 Qe7 26. Rd3 Bb2 27. Rg1 Ba3 28. Be3 Qf7 29. g4 Nc5 30. Rxd6 Nd7 31. c5 f4 32. Qxf4 Qxf4 33. Bxf4 Nxc5 34. Rd8+ Kf7 35. Bd6 e5 36. Rf1+ Ke6 37. Rf5 1-0

[Event "Macedonian op"]
[Site "Struga"]
[Date "2002.07.20"]
[Round "1"]
[White "Hristovski, Srdzan"]
[Black "Dragiev, Veselin"]
[Result "1/2-1/2"]
[WhiteElo "2167"]
[BlackElo "2422"]
[PlyCount "88"]
[EventDate "2002.07.20"]
[EventType "swiss"]
[EventRounds "9"]
[EventCountry "MKD"]
[SourceTitle "CBM 089 Extra"]
[Source "ChessBase"]
[SourceDate "2002.09.10"]
[SourceVersion "2"]
[SourceVersionDate "2002.09.10"]
[SourceQuality "1"]

1. d4 Nf6 2. Nf3 e6 3. c4 b6 4. Bf4 Bb7 5. Nc3 Bb4 6. e3 0-0 7. Be2 d6 8. a3 Bxc3+ 9. bxc3 Nbd7 10. 0-0 h6 11. h3 Re8 12. Nd2 e5 13. Bg3 c5 14. a4 Qc7 15. Bd3 Qc6 16. d5 Qc7 17. e4 Nf8 18. a5 Ng6 19. Re1 Bc8 20. Qb3 Bd7 21. axb6 axb6 22. Reb1 Rxa1 23. Rxa1 Nh5 24. Ra6 Rb8 25. Be2 Bc8 26. Ra1 Nhf4 27. Bf1 Bd7 28. Ra6 Bc8 29. Ra1 Nh5 30. Bh2 Nf6 31. Bg3 Bb7 32. Rb1 Bc8 33. Ra1 Rb7 34. Ra6 Nf8 35. f3 Rb8 36. Ra2 Bb7 37. Rb2 N6d7 38. Nb1 Ra8 39. Na3 Qd8 40. Nb5 Nf6 41. Ra2 Ne8 42. Rxa8 Bxa8 43. Qa2 Qb8 44. Qa6 Qb7 1/2-1/2